[Event "Mundial Juvenil 2005 s10"]
[Site "Belfort FRA"]
[Date "2005.07.20"]
[Round "2.5"]
[White "Mohan, Vasanta Ruba Varman"]
[Black "Bukavshin, Ivan"]
[Result "0-1"]
[WhiteElo "1599"]
[BlackElo "2029"]
[PlyCount "116"]
[EventDate "2005.07.19"]
[EventType "swiss"]
[EventRounds "11"]
[EventCountry "FRA"]
[Source "lmi"]
[SourceDate "2005.07.31"]

1. e4 c5 2. Nf3 Nc6 3. d4 cxd4 4. Nxd4 Nf6 5. Nc3 e6 6. Be3 Bb4 7. Nxc6 bxc6 8.
Bd3 d5 9. exd5 cxd5 10. O-O O-O 11. Bd4 Qe7 12. Qe2 Bd7 13. Be5 Bc6 14. g3 Bd6
15. Rfe1 Nd7 16. Bxd6 Qxd6 17. Qh5 Nf6 18. Qe5 Qxe5 19. Rxe5 Nd7 20. Re2 Nc5
21. Rd1 a5 22. Red2 Rab8 23. b3 Rfc8 24. Ne2 e5 25. f3 g6 26. Re1 Ba8 27. Nc3
f6 28. Rb1 Nxb3 29. Rxb3 Rxb3 30. cxb3 Rxc3 31. Bc2 Kf7 32. Kf2 Ke6 33. Ke2 Bc6
34. Bd1 Kd6 35. Rb2 d4 36. Kd2 f5 37. h4 e4 38. fxe4 fxe4 39. Be2 e3+ 40. Kd1
d3 41. Bg4 Bb5 42. a4 e2+ 43. Kd2 Rc1 44. Bxe2 dxe2 45. Kxc1 e1=Q+ 46. Kc2 Be2
47. Rb1 Bd3+ 48. Kxd3 Qxb1+ 49. Kd4 Qxb3 50. Ke4 Qxa4+ 51. Ke3 Qxh4 52. Kf3 Ke5
53. Ke3 Qxg3+ 54. Ke2 Qg2+ 55. Ke1 a4 56. Kd1 a3 57. Kc1 a2 58. Kd1 a1=R# 0-1

[Event "Mundial Juvenil 2005 s10"]
[Site "Belfort FRA"]
[Date "2005.07.20"]
[Round "2.8"]
[White "Sanchez Ibern, Marc"]
[Black "Gonzalez Meneses, Kevin Moises"]
[Result "1/2-1/2"]
[WhiteElo "1914"]
[BlackElo "1599"]
[PlyCount "94"]
[EventDate "2005.07.19"]
[EventType "swiss"]
[EventRounds "11"]
[EventCountry "FRA"]
[Source "lmi"]
[SourceDate "2005.07.31"]

1. e4 c5 2. Nc3 Nc6 3. g3 g6 4. Bg2 Bg7 5. d3 e6 6. Be3 d6 7. Qd2 Nd4 8. Rb1
Ne7 9. Nce2 Nec6 10. c3 Nxe2 11. Nxe2 O-O 12. Bh6 Rb8 13. Bxg7 Kxg7 14. O-O b6
15. f4 Ne7 16. d4 f5 17. Rfe1 Qc7 18. Kh1 Bb7 19. Ng1 Rfe8 20. Nh3 h6 21. Nf2
Rbc8 22. Rbc1 Ng8 23. Rcd1 Nf6 24. Kg1 Rcd8 25. Qc2 Qf7 26. Qa4 Ba8 27. e5 dxe5
28. dxe5 Nd5 29. c4 Nb4 30. a3 Bxg2 31. Kxg2 Qb7+ 32. Kg1 Nc6 33. Re3 Nd4 34.
Rdd3 Re7 35. Qd1 Red7 36. Qf1 Nc2 37. Rxd7+ Rxd7 38. Rd3 Nd4 39. Qg2 Qc7 40.
Nd1 Qd8 41. Kf1 Nb3 42. Rxd7+ Qxd7 43. Qc2 Nd4 44. Qd3 Qc6 45. Nf2 Kf7 46. b4
a6 47. h3 Qa4 1/2-1/2

[Event "Mundial Juvenil 2005 s10"]
[Site "Belfort FRA"]
[Date "2005.07.20"]
[Round "2.10"]
[White "Dragun, Kamil"]
[Black "Loiseau, Quentin"]
[Result "1-0"]
[WhiteElo "1844"]
[BlackElo "1599"]
[PlyCount "103"]
[EventDate "2005.07.19"]
[EventType "swiss"]
[EventRounds "11"]
[EventCountry "FRA"]
[Source "lmi"]
[SourceDate "2005.07.31"]

1. e4 c5 2. Nf3 Nc6 3. d4 cxd4 4. Nxd4 e5 5. Nb5 a6 6. Nd6+ Bxd6 7. Qxd6 Qf6 8.
Qxf6 Nxf6 9. Nc3 d5 10. exd5 Nb4 11. Bd3 Nbxd5 12. Nxd5 Nxd5 13. O-O O-O 14.
Re1 Re8 15. f4 f6 16. Bc4 Be6 17. fxe5 Nc7 18. Bxe6+ Rxe6 19. Bd2 fxe5 20. Re4
Rae8 21. c4 g6 22. Bc3 Kg7 23. Rd1 Kf6 24. Kf2 Na8 25. b4 Nc7 26. a4 b5 27.
axb5 axb5 28. c5 h5 29. h4 Kf5 30. Kf3 Na6 31. Bd2 Rd8 32. Rf1 Rd3+ 33. Re3
Rxe3+ 34. Kxe3+ Kg4 35. Be1 g5 36. g3 gxh4 37. gxh4 Nc7 38. Ke4 Ne8 39. Rg1+
Kh3 40. Rg3+ Kh2 41. Rg5 Rf6 42. Bg3+ Kh3 43. Bxe5 Rf1 44. Rg8 Nf6+ 45. Bxf6
Rxf6 46. Ke5 Rf3 47. c6 Kxh4 48. c7 Rc3 49. c8=Q Rxc8 50. Rxc8 Kh3 51. Rg8 h4
52. Kf4 1-0

[Event "Mundial Juvenil 2005 s10"]
[Site "Belfort FRA"]
[Date "2005.07.20"]
[Round "2.11"]
[White "Ocampos, Ian Guido"]
[Black "Khosla, Shiven"]
[Result "0-1"]
[WhiteElo "1599"]
[BlackElo "1832"]
[PlyCount "124"]
[EventDate "2005.07.19"]
[EventType "swiss"]
[EventRounds "11"]
[EventCountry "FRA"]
[Source "lmi"]
[SourceDate "2005.07.31"]

1. e4 c5 2. Nf3 d6 3. c3 Nf6 4. Bc4 Nc6 5. Qe2 Bg4 6. Bb5 Qb6 7. h3 Bxf3 8.
gxf3 a6 9. Bxc6+ Qxc6 10. Na3 Rc8 11. Nc2 e5 12. d3 g6 13. Bg5 Nd7 14. h4 Bg7
15. h5 O-O 16. O-O-O d5 17. Ne3 Nb6 18. Ng4 Qe6 19. Rh2 f5 20. Nh6+ Kh8 21.
Rdh1 Bxh6 22. Bxh6 Rf7 23. Qf1 Rg8 24. Qh3 g5 25. Bxg5 Rxg5 26. Qh4 Qh6 27. Kc2
fxe4 28. fxe4 Rf4 29. Qh3 Qf6 30. Rf1 Rf3 31. Qh4 Qf4 32. Qxf4 Rxf4 33. exd5
Nxd5 34. Kd2 Kg7 35. Re1 Kf6 36. Re2 Rff5 37. Rh1 Nf4 38. Re4 Ng2 39. Rh2 Rxf2+
40. Kc1 Rf1+ 41. Kc2 Ne1+ 42. Kb3 Nxd3 43. Kc4 Nf2 44. Re2 Ng4 45. Rh4 b6 46.
Kd5 e4+ 47. Kc6 e3 48. Kxb6 Rf2 49. Re1 Rxb2+ 50. Kxa6 Rxa2+ 51. Kb5 e2 52.
Rhh1 Ne3 53. Rh2 Ng2 54. Rc1 Rd2 55. Ra1 Rd1 56. Ra6+ Ke5 57. Ra8 Rb1+ 58. Kc4
Ne3+ 59. Kd3 e1=Q 60. Re8+ Kf4 61. Re2 Rd1+ 62. Rd2 Qxd2# 0-1

[Event "Mundial Juvenil 2005 s10"]
[Site "Belfort FRA"]
[Date "2005.07.20"]
[Round "2.12"]
[White "Rakotoniaina, Erwin"]
[Black "Rishi, Thariani"]
[Result "1/2-1/2"]
[WhiteElo "1599"]
[BlackElo "1785"]
[PlyCount "69"]
[EventDate "2005.07.19"]
[EventType "swiss"]
[EventRounds "11"]
[EventCountry "FRA"]
[Source "lmi"]
[SourceDate "2005.07.31"]

1. e4 c5 2. Nf3 d6 3. d4 cxd4 4. Nxd4 Nf6 5. Nc3 g6 6. Be2 Bg7 7. Be3 Nc6 8.
Nb3 O-O 9. h3 Bd7 10. Qd2 Re8 11. f4 Rc8 12. O-O Be6 13. f5 Bd7 14. Rac1 b6 15.
Ba6 Rb8 16. fxg6 fxg6 17. Bh6 Ne5 18. Bxg7 Kxg7 19. Nd4 Nc6 20. Nxc6 Bxc6 21.
Bd3 Rf8 22. Rce1 Nd7 23. Rxf8 Qxf8 24. Rf1 Qd8 25. Rf4 Ne5 26. Qe3 Qg8 27. a4
Rf8 28. Rxf8 Kxf8 29. a5 Nxd3 30. cxd3 Qb3 31. Qf2+ Kg8 32. axb6 Qxb6 33. Qxb6
axb6 34. Kf2 Kf7 35. Ke3 1/2-1/2

[Event "Mundial Juvenil 2005 s10"]
[Site "Belfort FRA"]
[Date "2005.07.20"]
[Round "2.13"]
[White "Vasile, Claudiu Daniel"]
[Black "Martinez, Martin"]
[Result "0-1"]
[WhiteElo "1694"]
[BlackElo "1599"]
[PlyCount "85"]
[EventDate "2005.07.19"]
[EventType "swiss"]
[EventRounds "11"]
[EventCountry "FRA"]
[Source "lmi"]
[SourceDate "2005.07.31"]

1. e4 c5 2. Nf3 d6 3. d4 cxd4 4. Nxd4 Nf6 5. Nc3 a6 6. Bg5 e6 7. Be2 Be7 8. Qd2
b5 9. a3 Bb7 10. Bf3 Qc7 11. O-O h6 12. Be3 Nbd7 13. Rad1 Rc8 14. Rfe1 Ne5 15.
Qe2 O-O 16. g3 Nc4 17. Bc1 Nxa3 18. bxa3 Qxc3 19. Rd3 Qc7 20. Bg2 d5 21. exd5
Nxd5 22. Nxe6 Nc3 23. Rxc3 Qxc3 24. Bxb7 fxe6 25. Qxe6+ Kh8 26. Bxc8 Bc5 27.
Rf1 Qf3 28. Be3 Bxe3 29. Qxe3 Qxe3 30. fxe3 Rxc8 31. Rc1 Rc3 32. Kf2 Rxa3 33.
Kf3 a5 34. Kf4 Rc3 35. e4 b4 36. Ra1 Ra3 37. Rb1 Ra2 38. Rc1 Kg8 39. h4 Kf7 40.
g4 Ke6 41. g5 h5 42. e5 g6 43. Ke4 0-1

[Event "Mundial Juvenil 2005 s10"]
[Site "Belfort FRA"]
[Date "2005.07.20"]
[Round "2.14"]
[White "Srbis, Jurica"]
[Black "Alcaraz Ortega, Javier"]
[Result "0-1"]
[WhiteElo "1599"]
[BlackElo "1599"]
[PlyCount "120"]
[EventDate "2005.07.19"]
[EventType "swiss"]
[EventRounds "11"]
[EventCountry "FRA"]
[Source "lmi"]
[SourceDate "2005.07.31"]

1. e4 d5 2. exd5 Qxd5 3. Nc3 Qa5 4. d4 Nf6 5. Nf3 c6 6. Be2 Bf5 7. O-O e6 8.
Bf4 Nbd7 9. a3 Be7 10. Nd2 Qd8 11. Nc4 Nb6 12. Ne3 Bg6 13. Bf3 O-O 14. h3 Qd7
15. Ne2 Nfd5 16. Bxd5 Nxd5 17. Bg3 Rfd8 18. Nc4 Rac8 19. Ne5 Qe8 20. Nxg6 hxg6
21. b4 Rd7 22. c3 Qd8 23. Qc2 b5 24. Nc1 Nb6 25. Nb3 Ra8 26. Na5 Qc8 27. Rad1
Bd8 28. c4 Qa6 29. cxb5 cxb5 30. Qe4 Nd5 31. Nb3 Qxa3 32. Nc5 Re7 33. Bd6 Re8
34. Nxe6 fxe6 35. Qxg6 Bf6 36. Rd3 Qb2 37. Qg4 Rad8 38. Bc5 Qc2 39. Rf3 Qd2 40.
Bxa7 Qg5 41. Qe4 Qh4 42. Qxh4 Bxh4 43. Bc5 Ra8 44. Rb1 Bf6 45. Rbb3 Ra1+ 46.
Kh2 Rea8 47. g3 R8a2 48. Kg2 Rd2 49. Ra3 Rxa3 50. Rxa3 Bxd4 51. Rf3 Bxc5 52.
bxc5 Rc2 53. Rb3 Rxc5 54. Kf1 b4 55. Ke2 Rc2+ 56. Ke1 Rc3 57. Rb2 b3 58. Kd2
Kf7 59. Rb1 Rc2+ 60. Kd1 Nc3+ 0-1

[Event "Mundial Juvenil 2005 s10"]
[Site "Belfort FRA"]
[Date "2005.07.20"]
[Round "2.15"]
[White "Almazam, Fahad"]
[Black "Nikologorskiy, Konstantin"]
[Result "0-1"]
[WhiteElo "1599"]
[BlackElo "1599"]
[PlyCount "34"]
[EventDate "2005.07.19"]
[EventType "swiss"]
[EventRounds "11"]
[EventCountry "FRA"]
[Source "lmi"]
[SourceDate "2005.07.31"]

1. d4 d5 2. c4 c6 3. cxd5 cxd5 4. Nc3 Nf6 5. Bf4 Nc6 6. Nf3 Bf5 7. e3 e6 8. Bd3
Bxd3 9. Qxd3 Bd6 10. Ne5 O-O 11. Bg3 Bxe5 12. Bxe5 Ng4 13. f4 Nb4 14. Qd1 Nxe3
15. Qb3 Nbc2+ 16. Kd2 Nxa1 17. Kxe3 Nxb3 0-1

[Event "Mundial Juvenil 2005 s10"]
[Site "Belfort FRA"]
[Date "2005.07.20"]
[Round "2.16"]
[White "Taminsyah, Aston"]
[Black "Bajarani, Ulvi"]
[Result "1/2-1/2"]
[WhiteElo "1599"]
[BlackElo "1599"]
[PlyCount "105"]
[EventDate "2005.07.19"]
[EventType "swiss"]
[EventRounds "11"]
[EventCountry "FRA"]
[Source "lmi"]
[SourceDate "2005.07.31"]

1. d4 Nf6 2. c4 c5 3. e3 cxd4 4. exd4 d5 5. Nf3 g6 6. Nc3 Bg7 7. Be2 dxc4 8.
Bxc4 O-O 9. O-O Nc6 10. d5 Na5 11. Be2 b6 12. Bf4 Bg4 13. h3 Bxf3 14. Bxf3 Rc8
15. Rc1 Nc4 16. b3 Nd6 17. Ne2 Rxc1 18. Qxc1 Nf5 19. Rd1 Nh4 20. Qe3 Nxf3+ 21.
Qxf3 Qd7 22. d6 Rc8 23. Ng3 e6 24. Ne4 Nd5 25. Qg3 f5 26. Ng5 h6 27. Nf3 g5 28.
Be5 f4 29. Qg4 Bxe5 30. Nxe5 Qxd6 31. Nf3 Qe7 32. Re1 Re8 33. Nd4 Nc7 34. Qh5
Qf6 35. Nb5 Re7 36. Nxc7 Rxc7 37. Qe8+ Kg7 38. Rxe6 Qf7 39. Qxf7+ Rxf7 40. Kh2
Rc7 41. f3 h5 42. h4 g4 43. fxg4 hxg4 44. Re4 Kg6 45. Rxf4 Kh5 46. Rf5+ Kh6 47.
Rg5 Rc2 48. Rxg4 Rxa2 49. Kg1 a5 50. Rd4 Kh5 51. b4 Ra4 52. Kf2 Rxb4 53. Rxb4
1/2-1/2

[Event "Mundial Juvenil 2005 s10"]
[Site "Belfort FRA"]
[Date "2005.07.20"]
[Round "2.17"]
[White "Balacek, Tadeas"]
[Black "Rahimu, Sanan"]
[Result "1-0"]
[WhiteElo "1599"]
[BlackElo "1599"]
[PlyCount "117"]
[EventDate "2005.07.19"]
[EventType "swiss"]
[EventRounds "11"]
[EventCountry "FRA"]
[Source "lmi"]
[SourceDate "2005.07.31"]

1. e4 c5 2. Nf3 Nc6 3. d4 cxd4 4. Nxd4 Nf6 5. Nc3 e5 6. Ndb5 d6 7. Bg5 a6 8.
Na3 b5 9. Bxf6 gxf6 10. Nd5 f5 11. exf5 Bxf5 12. Bd3 Bxd3 13. Qxd3 Bg7 14.
O-O-O Qg5+ 15. f4 Qd8 16. Qg3 O-O 17. Rhf1 Kh8 18. fxe5 dxe5 19. Qh3 Qc8 20.
Qxc8 Raxc8 21. Nb6 Rc7 22. c4 bxc4 23. Naxc4 Na5 24. b3 Nxc4 25. Nxc4 Kg8 26.
Rd6 Ra8 27. Rfd1 f5 28. Re6 e4 29. Rdd6 a5 30. g4 fxg4 31. Rxe4 Kf8 32. Rxg4
Be5 33. Rd2 a4 34. Rf2+ Ke7 35. Re4 Ra5 36. Kb1 Rxc4 37. bxc4 Kd6 38. Rd2+ Kc7
39. Rh4 a3 40. Rxh7+ Kc6 41. Rh6+ Kc7 42. Rd5 Rxd5 43. cxd5 Bd6 44. Kc2 Be5 45.
Kb3 Bd6 46. Rxd6 Kxd6 47. Kxa3 Kxd5 48. Kb4 Kc6 49. h4 Kb6 50. h5 Kc6 51. h6
Kb6 52. h7 Kc6 53. h8=Q Kb6 54. Qf6+ Kc7 55. Kc5 Kd7 56. Qd6+ Kc8 57. Qe7 Kb8
58. Kb6 Kc8 59. Qc7# 1-0

[Event "Mundial Juvenil 2005 s10"]
[Site "Belfort FRA"]
[Date "2005.07.20"]
[Round "2.18"]
[White "Barege, Pierre"]
[Black "Scerbina, Yevgen"]
[Result "0-1"]
[WhiteElo "1599"]
[BlackElo "1599"]
[PlyCount "64"]
[EventDate "2005.07.19"]
[EventType "swiss"]
[EventRounds "11"]
[EventCountry "FRA"]
[Source "lmi"]
[SourceDate "2005.07.31"]

1. e4 c5 2. Nf3 d6 3. d4 cxd4 4. Nxd4 Nf6 5. Nc3 a6 6. Be3 e5 7. Nf3 h6 8. Bc4
Be7 9. Qd2 Be6 10. Bxe6 fxe6 11. h3 Nc6 12. a3 d5 13. O-O-O d4 14. Nxd4 exd4
15. Bxd4 Nxd4 16. Qxd4 Qxd4 17. Rxd4 Rd8 18. Rxd8+ Kxd8 19. Rd1+ Kc7 20. e5 Nd7
21. f4 g5 22. g3 gxf4 23. gxf4 Rf8 24. Ne2 Bc5 25. Rd3 Rg8 26. Rc3 Kd8 27. b4
Bb6 28. Rd3 Ke7 29. c4 Rg2 30. Nc3 Rf2 31. c5 Bc7 32. Rd1 Rf3 0-1

[Event "Mundial Juvenil 2005 s10"]
[Site "Belfort FRA"]
[Date "2005.07.20"]
[Round "2.19"]
[White "Valizadeh, Ali"]
[Black "Bellahcene, Bilel"]
[Result "1-0"]
[WhiteElo "1599"]
[BlackElo "1599"]
[PlyCount "51"]
[EventDate "2005.07.19"]
[EventType "swiss"]
[EventRounds "11"]
[EventCountry "FRA"]
[Source "lmi"]
[SourceDate "2005.07.31"]

1. d4 Nf6 2. c4 e6 3. Nc3 Bb4 4. e3 d5 5. a3 Bxc3+ 6. bxc3 c6 7. Nf3 Nbd7 8. a4
Ne4 9. Bb2 Ndf6 10. Ne5 dxc4 11. Bxc4 Nd6 12. Bd3 Nd7 13. Nf3 c5 14. O-O b6 15.
e4 O-O 16. Ba3 Re8 17. c4 Qc7 18. d5 exd5 19. exd5 Ba6 20. Qc2 Nf6 21. Bb2 Nde4
22. Rfe1 Qf4 23. Be5 Rxe5 24. Nxe5 Qxe5 25. Bxe4 Re8 26. Bxh7+ 1-0

[Event "Mundial Juvenil 2005 s10"]
[Site "Belfort FRA"]
[Date "2005.07.20"]
[Round "2.20"]
[White "Wared Altarboush"]
[Black "Beradze, Irakli"]
[Result "0-1"]
[WhiteElo "1599"]
[BlackElo "1599"]
[PlyCount "106"]
[EventDate "2005.07.19"]
[EventType "swiss"]
[EventRounds "11"]
[EventCountry "FRA"]
[Source "lmi"]
[SourceDate "2005.07.31"]

1. e4 c6 2. d4 d5 3. exd5 cxd5 4. c4 Nf6 5. Nc3 e6 6. Nf3 Bb4 7. Bg5 Qa5 8. Bd2
O-O 9. a3 Bxc3 10. Bxc3 Qc7 11. Rc1 Nc6 12. Bd3 dxc4 13. Bxc4 Ne4 14. O-O Nxc3
15. bxc3 Rd8 16. Re1 b6 17. Bd3 Bb7 18. Qe2 Na5 19. Be4 Qe7 20. Bxb7 Nxb7 21.
Ne5 Rac8 22. Qf3 Qc7 23. g3 Nd6 24. Qd3 Nc4 25. Nxc4 Qxc4 26. Red1 Qxd3 27.
Rxd3 Rc4 28. Rb1 Ra4 29. Rb3 Rd5 30. Rd1 Kf8 31. f4 Ke7 32. Kf2 Kd6 33. Ke3 Rh5
34. h4 Rha5 35. Ra1 h5 36. Ke4 Kc6 37. Ra2 Kd6 38. Ra1 Kc6 39. Kd3 Kd5 40. Rab1
g6 41. Rb5+ Rxb5 42. Rxb5+ Kc6 43. Rb3 b5 44. Kc2 a6 45. Kd3 Kd5 46. Kd2 Ke4
47. Ke2 f6 48. Kd2 Kf3 49. c4+ Kg4 50. cxb5 axb5 51. Kd3 b4 52. axb4 Kxg3 53.
Kc3 Ra8 0-1

[Event "Mundial Juvenil 2005 s10"]
[Site "Belfort FRA"]
[Date "2005.07.21"]
[Round "3.1"]
[White "Eng, Andre Jerome"]
[Black "Qu, Ziyuan"]
[Result "1/2-1/2"]
[WhiteElo "1599"]
[BlackElo "2242"]
[PlyCount "58"]
[EventDate "2005.07.19"]
[EventType "swiss"]
[EventRounds "11"]
[EventCountry "FRA"]
[Source "lmi"]
[SourceDate "2005.07.31"]

1. e4 c5 2. d4 cxd4 3. c3 Nf6 4. e5 Nd5 5. cxd4 e6 6. Nf3 d6 7. Bc4 Nb6 8. Bb3
dxe5 9. Nxe5 Bd6 10. O-O O-O 11. Nc3 Nc6 12. Nxc6 bxc6 13. Ne4 Bxh2+ 14. Kxh2
Qh4+ 15. Kg1 Qxe4 16. Re1 Qh4 17. Bc2 f5 18. Re3 Nd5 19. Rg3 h6 20. Rh3 Qf6 21.
a4 a5 22. Raa3 Nb4 23. Bf4 g5 24. Be5 Qg6 25. Bb1 Ra7 26. Rag3 Rh7 27. f4 g4
28. Rh4 h5 29. Qe1 Rd8 1/2-1/2

[Event "Mundial Juvenil 2005 s10"]
[Site "Belfort FRA"]
[Date "2005.07.21"]
[Round "3.2"]
[White "Cori, Jorge"]
[Black "Emiroglu, Cankut"]
[Result "1-0"]
[WhiteElo "2080"]
[BlackElo "1599"]
[PlyCount "72"]
[EventDate "2005.07.19"]
[EventType "swiss"]
[EventRounds "11"]
[EventCountry "FRA"]
[Source "lmi"]
[SourceDate "2005.07.31"]

1. e4 e5 2. Nf3 Nf6 3. Nxe5 d6 4. Nf3 Nxe4 5. d4 d5 6. Bd3 Bd6 7. Nbd2 O-O 8.
O-O Bf5 9. Re1 Re8 10. Nf1 Bg6 11. Ng3 Nxg3 12. hxg3 Rxe1+ 13. Nxe1 Bxd3 14.
Nxd3 Nd7 15. Qf3 c6 16. Bd2 Qf6 17. Qg4 Nb6 18. Re1 Qg6 19. Qe2 Nd7 20. Bf4
Bxf4 21. gxf4 Qd6 22. Qe7 Qxe7 23. Rxe7 Rd8 24. Ne5 Nxe5 25. fxe5 Rb8 26. f4
Kf8 27. Rc7 h5 28. Kh2 Re8 29. Rxb7 Re7 30. Rxe7 Kxe7 31. f5 f6 32. Kg3 fxe5
33. dxe5 c5 34. b3 Kf7 35. Kh4 g6 36. f6 Ke8 1-0

[Event "Mundial Juvenil 2005 s10"]
[Site "Belfort FRA"]
[Date "2005.07.21"]
[Round "3.3"]
[White "Harutuniam, Tigran"]
[Black "Bukavshin, Ivan"]
[Result "0-1"]
[WhiteElo "1599"]
[BlackElo "2029"]
[PlyCount "70"]
[EventDate "2005.07.19"]
[EventType "swiss"]
[EventRounds "11"]
[EventCountry "FRA"]
[Source "lmi"]
[SourceDate "2005.07.31"]

1. d4 Nf6 2. c4 g6 3. Nc3 Bg7 4. e4 d6 5. Be2 O-O 6. Bg5 c5 7. dxc5 Qa5 8. Qd2
Qxc5 9. Nf3 Nc6 10. O-O Be6 11. Rac1 Rac8 12. Rfd1 Rfe8 13. a3 Qa5 14. Be3 Ng4
15. Bf4 Qb6 16. Bg3 Na5 17. h3 Nb3 18. Nd5 Qc5 19. Qc2 Nxc1 20. Qxc1 Nf6 21.
Nxe7+ Rxe7 22. Bxd6 Qb6 23. Bxe7 Nxe4 24. Bh4 Bxb2 25. Qc2 Nc3 26. Rd2 Nxe2+
27. Rxe2 Bxa3 28. Ne5 Bf8 29. Re3 Bg7 30. Qe4 Qc5 31. Bg3 Qb4 32. Rf3 Rd8 33.
Qf4 Qe1+ 34. Kh2 Rd1 35. Bh4 Bxe5 0-1

[Event "Mundial Juvenil 2005 s10"]
[Site "Belfort FRA"]
[Date "2005.07.21"]
[Round "3.5"]
[White "Nikologorskiy, Konstantin"]
[Black "Dragun, Kamil"]
[Result "1/2-1/2"]
[WhiteElo "1599"]
[BlackElo "1844"]
[PlyCount "142"]
[EventDate "2005.07.19"]
[EventType "swiss"]
[EventRounds "11"]
[EventCountry "FRA"]
[Source "lmi"]
[SourceDate "2005.07.31"]

1. c4 e5 2. Nc3 f5 3. d4 exd4 4. Qxd4 Nc6 5. Qe3+ Be7 6. Nd5 Nh6 7. Qg3 d6 8.
Qxg7 Nf7 9. Qc3 Be6 10. Nf3 Qd7 11. Nxe7 Nxe7 12. g3 O-O-O 13. Bg2 d5 14. c5
Ng6 15. Be3 h5 16. Bd4 Rh7 17. Qa5 a6 18. Rc1 Qb5 19. Qxb5 axb5 20. b4 Kd7 21.
Kd2 Ra8 22. Ra1 Ra4 23. a3 Ne7 24. Bb2 Rh6 25. e3 Rg6 26. h3 Rg8 27. Ke2 c6 28.
Rhd1 Rb8 29. Rac1 Rg8 30. h4 Re8 31. Nd4 Rg8 32. Ra1 Ng6 33. Nf3 Ne7 34. Bh1
Ng6 35. Rac1 Ke7 36. Rg1 Kd7 37. Bg2 Raa8 38. Bf1 Ngh8 39. Kd2 Nh6 40. Ne5+ Kc7
41. f3 N8f7 42. Nxf7 Bxf7 43. Be5+ Kd7 44. Rc3 Rg6 45. Bh3 Be6 46. Bf4 Re8 47.
Ra1 Ra8 48. Bf1 Nf7 49. Be2 Rgg8 50. Bd1 Ra6 51. a4 Rga8 52. Rca3 Nh8 53. Be5
Nf7 54. Bf4 Nh8 55. Ke1 Ng6 56. Bd6 Bf7 57. Kf2 Be6 58. f4 Bf7 59. Bxh5 Rxa4
60. Rxa4 Rxa4 61. Rxa4 bxa4 62. Bd1 a3 63. h5 a2 64. hxg6 a1=Q 65. gxf7 Qxd1
66. f8=Q Qd2+ 67. Kg1 Qe1+ 68. Kh2 Qe2+ 69. Kg1 Qe1+ 70. Kg2 Qe2+ 71. Kh3 Qg4+
1/2-1/2

[Event "Mundial Juvenil 2005 s10"]
[Site "Belfort FRA"]
[Date "2005.07.21"]
[Round "3.6"]
[White "Khosla, Shiven"]
[Black "Naroditsky, Daniel"]
[Result "0-1"]
[WhiteElo "1832"]
[BlackElo "1599"]
[PlyCount "120"]
[EventDate "2005.07.19"]
[EventType "swiss"]
[EventRounds "11"]
[EventCountry "FRA"]
[Source "lmi"]
[SourceDate "2005.07.31"]

1. e4 c5 2. Nc3 d6 3. f4 Nf6 4. Bc4 e6 5. Nf3 Be7 6. O-O O-O 7. Qe1 Nc6 8. d3
a6 9. a4 Nb4 10. Bb3 d5 11. Qe2 b6 12. Bd2 Bb7 13. e5 Ne8 14. Nd1 a5 15. c3
Nxd3 16. Qxd3 c4 17. Qc2 cxb3 18. Qxb3 Ba6 19. Re1 Bc4 20. Qc2 f6 21. exf6 Nxf6
22. Rxe6 Bc5+ 23. Nd4 Ne4 24. Ne3 Qd7 25. Rxe4 dxe4 26. Nxc4 Rac8 27. Be3 Qd5
28. b3 Rf6 29. Qd2 Qh5 30. Nb5 Rxf4 31. Bxc5 Qxc5+ 32. Qd4 Qg5 33. Nxb6 Rd8 34.
Qc4+ Kh8 35. Qe2 Qc5+ 36. Kh1 Qxb6 37. Nd4 Rdf8 38. Qc4 Qc5 39. Kg1 Qb6 40. Qb5
Qf6 41. Re1 e3 42. Qd3 Rxd4 43. Qxe3 Re4 44. Qd2 Rxe1+ 45. Qxe1 Qb6+ 46. Kh1
Qf2 47. Qg1 Qe2 48. h3 Rf1 49. Kh2 Rxg1 50. Kxg1 Qd3 51. Kf2 Qxc3 52. Ke2 Qxb3
53. g4 Qxa4 54. Kd3 Qb4 55. Kc2 a4 56. Kc1 a3 57. Kc2 a2 58. Kc1 a1=Q+ 59. Kc2
Qac3+ 60. Kd1 Qd2# 0-1

[Event "Mundial Juvenil 2005 s10"]
[Site "Belfort FRA"]
[Date "2005.07.21"]
[Round "3.7"]
[White "Alcaraz Ortega, Javier"]
[Black "Scerbina, Yevgen"]
[Result "1-0"]
[WhiteElo "1599"]
[BlackElo "1599"]
[PlyCount "107"]
[EventDate "2005.07.19"]
[EventType "swiss"]
[EventRounds "11"]
[EventCountry "FRA"]
[Source "lmi"]
[SourceDate "2005.07.31"]

1. d4 Nf6 2. Nc3 g6 3. e4 d6 4. f3 Bg7 5. Be3 O-O 6. Qd2 a6 7. O-O-O b5 8. h4
h5 9. Bh6 Nc6 10. g4 hxg4 11. h5 b4 12. Nce2 gxf3 13. Ng3 Ng4 14. Bxg7 Kxg7 15.
Nxf3 e5 16. d5 Nd4 17. Nxd4 exd4 18. Bh3 Rh8 19. Bxg4 Bxg4 20. Qxd4+ Qf6 21.
h6+ Rxh6 22. Qxf6+ Kxf6 23. Rxh6 Bxd1 24. Kxd1 Rb8 25. Ke2 Rb5 26. Rh8 Ra5 27.
Rb8 Ra4 28. Kd3 a5 29. Rc8 Rxa2 30. b3 a4 31. Rxc7 axb3 32. cxb3 Rb2 33. Ne2
Rxb3+ 34. Kd4 Rb2 35. Nc1 g5 36. Rd7 g4 37. Rd8 Kg5 38. Rg8+ Kh4 39. Nd3 Rb1
40. Nf2 g3 41. Rg4+ Kh5 42. Rxg3 b3 43. Nd3 Rf1 44. Rg8 f5 45. Rf8 Kg6 46. Rxf5
Rxf5 47. exf5+ Kxf5 48. Kc3 Ke4 49. Nb4 Ke3 50. Kxb3 Kd4 51. Ka4 Kc4 52. Ka5
Kc5 53. Ka6 Kd4 54. Kb6 1-0

[Event "Mundial Juvenil 2005 s10"]
[Site "Belfort FRA"]
[Date "2005.07.21"]
[Round "3.8"]
[White "Ton-That, Nicolas"]
[Black "Balacek, Tadeas"]
[Result "1/2-1/2"]
[WhiteElo "1599"]
[BlackElo "1599"]
[PlyCount "51"]
[EventDate "2005.07.19"]
[EventType "swiss"]
[EventRounds "11"]
[EventCountry "FRA"]
[Source "lmi"]
[SourceDate "2005.07.31"]

1. e4 e5 2. Nf3 Nc6 3. c3 Nf6 4. d4 exd4 5. e5 Nd5 6. Qb3 Nb6 7. cxd4 Bb4+ 8.
Nc3 d5 9. Bb5 Be7 10. h3 Bf5 11. Be3 g6 12. Bxc6+ bxc6 13. Na4 Nc4 14. Qc3 Rb8
15. a3 O-O 16. Nd2 Nxe3 17. fxe3 f6 18. O-O fxe5 19. Qxc6 exd4 20. exd4 Qd7 21.
Rac1 Qxc6 22. Rxc6 Bd7 23. Rxc7 Rxf1+ 24. Nxf1 Bxa4 25. Rxe7 Rxb2 26. Ne3
1/2-1/2

[Event "Mundial Juvenil 2005 s10"]
[Site "Belfort FRA"]
[Date "2005.07.21"]
[Round "3.9"]
[White "Beradze, Irakli"]
[Black "Vakhidov, Jakhongir"]
[Result "1-0"]
[WhiteElo "1599"]
[BlackElo "1599"]
[PlyCount "100"]
[EventDate "2005.07.19"]
[EventType "swiss"]
[EventRounds "11"]
[EventCountry "FRA"]
[Source "lmi"]
[SourceDate "2005.07.31"]

1. e4 c5 2. Nf3 Nc6 3. c3 d5 4. exd5 Qxd5 5. d4 cxd4 6. cxd4 Bg4 7. Nc3 Qd8 8.
Be2 Nf6 9. O-O e6 10. h3 Bh5 11. Bf4 Be7 12. Qd2 O-O 13. Rfd1 Nd5 14. Bh2 Bf6
15. Ne4 Bxf3 16. Nxf6+ Qxf6 17. Bxf3 Rad8 18. a3 Nde7 19. Be5 Qh4 20. Qc3 Rd7
21. Bxg7 Rc8 22. d5 exd5 23. Bf6 Qf4 24. g3 Qh6 25. Bg4 d4 26. Qf3 Rdc7 27.
Bxc8 Rxc8 28. Bxe7 Nxe7 29. Qg4+ Qg6 30. Qxg6+ Nxg6 31. Rxd4 Ne5 32. Re4 f6 33.
b4 Rc3 34. Kg2 Rc2 35. Rd4 Kf7 36. a4 Kg6 37. Rad1 h5 38. R1d2 Rc3 39. Rd8 Nc4
40. Re2 Rb3 41. Re4 Nb2 42. a5 b6 43. axb6 axb6 44. Rd6 Na4 45. Rf4 Rc3 46.
Rdxf6+ Kg7 47. Rf7+ Kg8 48. Rf8+ Kg7 49. R4f7+ Kg6 50. Ra7 b5 1-0

[Event "Mundial Juvenil 2005 s10"]
[Site "Belfort FRA"]
[Date "2005.07.21"]
[Round "3.10"]
[White "Biazliudau, Stanislau"]
[Black "Valizadeh, Ali"]
[Result "1-0"]
[WhiteElo "1599"]
[BlackElo "1599"]
[PlyCount "58"]
[EventDate "2005.07.19"]
[EventType "swiss"]
[EventRounds "11"]
[EventCountry "FRA"]
[Source "lmi"]
[SourceDate "2005.07.31"]

1. e4 c5 2. Nf3 d6 3. Nc3 Nf6 4. d4 cxd4 5. Nxd4 a6 6. Be2 e5 7. Nf3 Be7 8. O-O
O-O 9. h3 b5 10. Be3 Bb7 11. Qd3 Nbd7 12. Rad1 Nb6 13. Nh4 b4 14. Bxb6 Qxb6 15.
Na4 Qa5 16. Nf5 Qxa4 17. Nxe7+ Kh8 18. Qxd6 Bxe4 19. f3 Bxc2 20. Rc1 Rfe8 21.
Qc5 b3 22. axb3 Bxb3 23. Nf5 Nd5 24. Bc4 Bxc4 25. Rxc4 Qd7 26. Nd6 Ne3 27. Nxe8
Nxf1 28. Nc7 Nd2 29. Nxa8 Nxc4 1-0